Musiker mit mind. 6 Auftritten bei "Wetten, dass...?" - Statistiken

Allgemein
  • Dieses Quiz wurde 139 mal gespielt
  • Das Durchschnittsergebnis liegt bei 10 aus 18
Antwortstatistiken
# Land Erfolgreichster Song Musiker % Korrekt
Österreich Griechischer Wein (1974) Udo Jürgens
96%
Kanada My Heart Will Go On (1997) Céline Dion
88%
15 Deutschland Zeit, dass sich was dreht (2006) Herbert Grönemeyer
81%
8 Vereinigtes Königreich In The Air Tonight (1981) Phil Collins
80%
Vereinigte Staaten Believe (1998) Cher
67%
6 Vereinigte Staaten All I Want for Christmas Is You (1994) Mariah Carey
63%
Deutschland / Südafrika Ti amo (1977) Howard Carpendale
61%
Vereinigtes Königreich Back for Good (1995) Take That
59%
19 Deutschland So bist du (1979) Peter Maffay
54%
Vereinigte Staaten We Don’t Need Another Hero (1985) Tina Turner
54%
10 Vereinigtes Königreich Bodies (2009) Robbie Williams
53%
Italien I Belong to You (Il ritmo della passione) (2006) Eros Ramazzotti
48%
7 Irland The Lady in Red (1986) Chris de Burgh
44%
Vereinigtes Königreich Nikita (1985) Elton John
44%
Deutschland Wieder hier (1998) Marius Müller-Westernhagen
42%
9 Vereinigtes Königreich With A Little Help From My Friends (1968) Joe Cocker
24%
Vereinigtes Königreich All for Love (1993) Rod Stewart
24%
Vereinigtes Königreich We Don’t Talk Anymore (1979) Cliff Richard
16%
Keine übereinstimmenden Quizze gefunden
Verteilung der Resultate
Anzahl Personen mit jedem Resultat
Perzentil nach korrekt beantworteten Fragen
Ihre Resultats-Entwicklung
Sie haben dieses Quiz noch nicht gespielt